La filosofía en la Universidad

Saved in:
Bibliografiske detaljer
Hovedforfatter: Rivera, J. E (Author)
Format: Bog
Sprog:spansk
Udgivet: Valparaíso Ediciones Universitarias de Valparaíso 1970
Serier:Cuestiones Universitarias, 1
Fag:
Tags: Tilføj Tag
Ingen Tags, Vær først til at tagge denne postø!

MARC

LEADER 00000nam a2200000 a 4500
001 UCZ7628
003 CL-VaPUC
008 960105e19700000CL |||||||||||||||||spa|d
082 0 4 |a 378  |b RIV  |2 21 
100 0 |a Rivera, J. E  |e author  |9 352610 
245 1 3 |a La filosofía en la Universidad 
300 |a 62 p 
942 |c BK 
945 |d 19960105 00:00:00  |a lriquelm 
260 |a Valparaíso  |b Ediciones Universitarias de Valparaíso  |c 1970 
650 0 |a Universidades  |9 256317 
650 0 |a Educación superior   |9 223851 
650 0 |a Filosofía   |9 223554 
650 0 |a Filosofía de la educación   |9 258384 
583 |a last modification  |c 20151117 18:49:34  |k Rodrigo Vera 
490 0 |a Cuestiones Universitarias, 1 
999 |c 243679  |d 243677 
952 |0 0  |1 0  |4 0  |6 378_000000000000000_RIV_1970  |7 0  |8 P  |9 257439  |a BIBEDU  |b BIBEDU  |c BIBEDU_PB  |d 2019-11-19  |i 1612573  |o 378 RIV 1970  |p 1612573  |r 2024-01-25  |w 2019-11-19  |y BK  |k EDU 
952 |0 0  |1 0  |4 0  |6 378_000000000000000_RIV_1970  |7 0  |8 P  |9 257441  |a BIBEDU  |b BIBEDU  |c BIBEDU_PB  |d 2019-11-19  |i 3126102  |o 378 RIV 1970  |p 3126102  |r 2024-01-25  |w 2019-11-19  |y BK  |k FIL